• 首页
  • 本馆介绍
  • 公告通知
  • 最新文献
  • 馆藏检索
  • 电子资源
  • 读者导购
  • 参考咨询
  • 我的图书馆
  • 登录
  • 详细信息显示
  • 放入我的书架
  • 预约/预借图书
  • 作者相关作品
  • 分类相关作品
  • 丛书相关作品
  • 出版社相关作品

书目信息

  • 表格格式
  • 工作单格式
  • 卡片格式
题名:
梵佛探
    
 
作者: 金克木 著
分册:  
出版信息: 南昌   江西教育出版社  1999.09
页数: 470页
开本: 32开
丛书名: 梵竺庐集
单 册:
中图分类: H711.4
科图分类:
主题词: 印度语支--古代语言
电子资源:
ISBN: 7-5392-3150-5
000 00586nam0 2200217 45
001 0106081053
005 20031219104050.3
010    @a7-5392-3150-5@b精装@dCNY38.00
100    @a20010608d1999 km y0chiy0120 ea
101 0  @achi
105    @a z 000yy
200 1  @a梵佛探@AFan Fo Tan@f金克木著@FJin Ke Mu Zhu
210    @a南昌@c江西教育出版社@d1999.09
215    @a470页@d32开
225    @a梵竺庐集@v丙
410    @12001 @a梵竺庐集
606 0  @a印度语支@x古代语言
690    @aH711.4@v4
701    @a金克木@4著
801    @aCN@bTSTC@c20010608
905    @f5@b298161-165@dH711.4@e3
    
    梵佛探/金克木著.-南昌:江西教育出版社,1999.09
    470页;32开.-(梵竺庐集;丙)
    
    
    ISBN 7-5392-3150-5(精装):CNY38.00
    
●
相关链接 在E读中查询图书 在五车中查询图书 在当当中查询图书 在豆瓣中查询图书


正题名:梵佛探     索取号:H711.4/3         预约/预借

序号 登录号 条形码 馆藏地/架位号 状态 备注
1 0298161   202981611   第四借阅区/ [索取号:H711.4/3] 在馆    
2 0298162   202981620   第四借阅区/ [索取号:H711.4/3] 在馆    
3 0298163   202981639   第四借阅区/ [索取号:H711.4/3] 在馆    
4 0298164   202981648   第四借阅区/ [索取号:H711.4/3] 在馆    
5 0298165   202981657   第二样本阅览室/ [索取号:H711.4/3] 在馆    
唐山师范学院图书馆 欢迎您!
大连网信软件有限公司© 版权所有